Dynamic Inversion Controller for Improving the Stability and Damping In Single Machine Infinite Bus System (Record no. 230802)

MARC details
000 -LEADER
fixed length control field 00450nam a2200133Ia 4500
008 - FIXED-LENGTH DATA ELEMENTS--GENERAL INFORMATION
fixed length control field 231221s9999 xx 000 0 und d
041 ## - LANGUAGE CODE
Language code of text/sound track or separate title English
082 ## - DEWEY DECIMAL CLASSIFICATION NUMBER
Classification number CPEE11-664
100 ## - MAIN ENTRY--PERSONAL NAME
Personal name Abha, Tripathi.
245 #0 - TITLE STATEMENT
Title Dynamic Inversion Controller for Improving the Stability and Damping In Single Machine Infinite Bus System
260 ## - PUBLICATION, DISTRIBUTION, ETC.
Date of publication, distribution, etc. 2011
650 ## - SUBJECT ADDED ENTRY--TOPICAL TERM
Topical term or geographic name entry element Dynamic,Inversion,Controller,Improving,Stability,Damping,Machine,Infinite,Bus
942 ## - ADDED ENTRY ELEMENTS (KOHA)
Koha item type Institutional repository
Holdings
Date last seen Total checkouts Full call number Accession number Price effective from Category Lost status Damaged status Department Withdrawn status Home library Current library Shelving location Entry date Grants Currency symbol Conversion rate Discount Old discount
26/01/2024   CPEE11-664 IR664 26/01/2024 Institutional repository     EE   Central Library Central Library Central Library   EE RS 1    

© For any Suggestions or Query, please contact the library staff @ librarian@pes.edu or Phone: +9180 2672 1983/ 2108.